| 000 | 01309nam0a2200313 4500 | ||
|---|---|---|---|
| 001 | RU\NLR\bibl\546261 | ||
| 005 | 20260409063611.0 | ||
| 010 |
_a5-8184-0272-Х _91000 |
||
| 021 |
_aRU _b2004-39859 _91983 |
||
| 035 | _a(NLR Aleph) 000538465 | ||
| 090 |
_a1397733 _c1397733 |
||
| 100 | _a20040820d2004 |||y0rusy50 ca | ||
| 101 | 0 | _arus | |
| 102 | _aRU | ||
| 105 | _ay ||||||||| | ||
| 200 | 1 |
_aАдминистративный кодекс: процессуальные документы _e[Введ. в действие 1 июля 2002 г.] |
|
| 210 |
_aМ. _cСоциздат _d2004 |
||
| 215 |
_a127, [1] с. _d20 |
||
| 225 | 1 | _aБиблиотека журнала "Социальная защита" | |
| 225 | 1 |
_aОбщая серия _vВып. № 11 |
|
| 606 | 0 |
_aАдминистративный процесс _xДокументация _yРоссийская Федерация _92220888 _3RU\NLR\auth\661333588 |
|
| 686 | _aХ621.011-93 | ||
| 741 | 1 |
_aРоссийская Федерация _tЗаконы _iКодекс об административных правонарушениях _3RU\NLR\AUTH\880379483 _9425354 |
|
| 801 | 0 |
_aRU _bNLR _c20040820 _gPSBO |
|
| 801 | 1 |
_aRU _bNLR _c20040820 |
|
| 942 | _cBOOK | ||
| 980 | _aNB | ||